LEADER 00799nam0-22003131i-450- 001 990007871110403321 005 20040421105643.0 010 $a88-389-1772-8 035 $a000787111 035 $aFED01000787111 035 $a(Aleph)000787111FED01 035 $a000787111 100 $a20040421d2003----km-y0itay50------ba 101 0 $aita 102 $aIT 200 1 $aHabitat$fLeonardo Urbani 210 $aPalermo$cSellerio$d[2003] 215 $a573 p.$d21 cm 225 1 $aNuovo Prisma$v2 610 0 $aUrbanistica 676 $a711.01$v19 700 1$aUrbani,$bLeonardo$f<1929- >$032099 801 0$aIT$bUNINA$gRICA$2UNIMARC 901 $aBK 912 $a990007871110403321 952 $aCollez. 2001 (41)$b39905$fFSPBC 959 $aFSPBC 996 $aHabitat$9673069 997 $aUNINA